Death by black hole (Record no. 17028)

MARC details
000 -LEADER
fixed length control field 00617nam a2200205Ia 4500
003 - CONTROL NUMBER IDENTIFIER
control field IN-BaIIA
008 - FIXED-LENGTH DATA ELEMENTS--GENERAL INFORMATION
fixed length control field 211028s9999 xx 000 0 eng d
020 ## - INTERNATIONAL STANDARD BOOK NUMBER
International Standard Book Number 978-0-393-06224-3
040 ## - CATALOGING SOURCE
Transcribing agency IIA Library
080 ## - UNIVERSAL DECIMAL CLASSIFICATION NUMBER
Universal Decimal Classification number 524.882
Item number TYS
100 ## - MAIN ENTRY--PERSONAL NAME
Personal name Tyson, Neil DeGrasse
9 (RLIN) 29709
245 #0 - TITLE STATEMENT
Title Death by black hole
Remainder of title and other cosmic quandaries
Statement of responsibility, etc. Neil DeGrasse Tyson
260 ## - PUBLICATION, DISTRIBUTION, ETC.
Place of publication, distribution, etc. New York
Name of publisher, distributor, etc. W. W Norton
Date of publication, distribution, etc. 2007
300 ## - PHYSICAL DESCRIPTION
Extent 384p.
650 ## - SUBJECT ADDED ENTRY--TOPICAL TERM
Topical term or geographic name entry element Astrobiology
9 (RLIN) 25948
650 ## - SUBJECT ADDED ENTRY--TOPICAL TERM
Topical term or geographic name entry element Black holes
9 (RLIN) 7728
650 ## - SUBJECT ADDED ENTRY--TOPICAL TERM
Topical term or geographic name entry element Religion and science
9 (RLIN) 30628
650 ## - SUBJECT ADDED ENTRY--TOPICAL TERM
Topical term or geographic name entry element Solar system
942 ## - ADDED ENTRY ELEMENTS (KOHA)
Koha item type Books
Holdings
Withdrawn status Lost status Damaged status Not for loan Home library Current library Shelving location Date acquired Source of acquisition Cost, normal purchase price Total Checkouts Full call number Barcode Date last seen Cost, replacement price Price effective from Koha item type Purchase Price
        IIA Library-Bangalore IIA Library-Bangalore General Stacks 27/08/2008 VBPL 1127.74   524.882/ TYS 17950 05/11/2021 1127.74 27/08/2008 Books Rs. 1127.74

Powered by Koha